000
00301nam a22001337a 4500
008
171108b xxu||||| |||| 00| 0 eng d
020
_a
9780077408053
041
_a
eng
080
_2
8TH
_a
330.322
100
_a
64
101
_a
INV
245
_a
ESSENTIALS OF INVESTMENTS
_c
BODIE,Z
942
_2
udc
_c
BK
999
_c
38218
_d
38218